000 00683cam5a220021700 4500
001 tmp15334415
003 UPRA
005 20190815101954.0
008 950731q19601969it eng u
035 _a(Sirsi) r120531
035 _a(UPRA)tmp15334415
040 _cUPRA
041 1 _aeng fre
_heng fre
100 1 _aDiehl, Gaston.
_6A87031.1
245 1 0 _aVan Gogh /
_c(tr. from the French by Anne Ross).
260 _aMilan :
_bUffici Press,
_c[196-]
600 1 0 _aGogh, Vincent van, 1853-1890.
_dGogh, Vincent van, 1853-1890.
_6S62677.1
700 1 _aRoss, Anne (Anne G.)
_qRoss, Anne (Anne G.)
_6A87032.1
949 _aND653
_wlcc
_i-173350
_mMAIN
_tBOOK
_lON-SHELF
004 120531
999 _c63618
_d63618